Southville International School and Colleges
Your cart is empty.
  • Cart
  • Lists
    Public lists Eva Luna New books Lux_list list_1
    Your lists Log in to create your own lists
  • Log in to your account
  • Your cookies
  • Search history
Southville International School and Colleges
  • Advanced search
  • Recent comments
  • Most popular
  • Libraries

Log in to your account

Log in with GOOGLE


If you do not have an external account, but do have a local account, you can still log in:

  1. Home
  2. MARC view: People together :
Normal view MARC view ISBD view

People together : (Record no. 344605)

[ view plain ]
MARC details
000 -LEADER
fixed length control field 01010nam a2200337Ia 4500
008 - FIXED-LENGTH DATA ELEMENTS--GENERAL INFORMATION
fixed length control field 171025s9999 xx 000 0 und d
020 ## - INTERNATIONAL STANDARD BOOK NUMBER
International Standard Book Number 21465576
050 ## - LIBRARY OF CONGRESS CALL NUMBER
Classification number 372.83
050 ## - LIBRARY OF CONGRESS CALL NUMBER
Item number B218 1997
100 ## - MAIN ENTRY--PERSONAL NAME
Personal name Banks, James
245 ## - TITLE STATEMENT
Title People together :
245 ## - TITLE STATEMENT
Remainder of title adventures in time and place /
245 ## - TITLE STATEMENT
Statement of responsibility, etc by James Banks, Barry K. Beyer, Gloria Contreras, Jean Craven, Gloria Ladson-Billings, Mary A. McFarland and Walter C. Parker.
260 ## - PUBLICATION, DISTRIBUTION, ETC. (IMPRINT)
Place of publication, distribution, etc USA :
260 ## - PUBLICATION, DISTRIBUTION, ETC. (IMPRINT)
Name of publisher, distributor, etc Macmillan,
260 ## - PUBLICATION, DISTRIBUTION, ETC. (IMPRINT)
Date of publication, distribution, etc 1997
300 ## - PHYSICAL DESCRIPTION
Extent viii, 221 pages :
300 ## - PHYSICAL DESCRIPTION
Other physical details color illustrations ;
300 ## - PHYSICAL DESCRIPTION
Dimensions 28cm.
500 ## - GENERAL NOTE
General note Includes glossary and index.
650 ## - SUBJECT ADDED ENTRY--TOPICAL TERM
Topical term or geographic name as entry element Geography --
650 ## - SUBJECT ADDED ENTRY--TOPICAL TERM
Topical term or geographic name as entry element Social science --
650 ## - SUBJECT ADDED ENTRY--TOPICAL TERM
Topical term or geographic name as entry element United States --
650 ## - SUBJECT ADDED ENTRY--TOPICAL TERM
General subdivision Study and teaching (Elementary).
650 ## - SUBJECT ADDED ENTRY--TOPICAL TERM
General subdivision Study and teaching (Elementary).
650 ## - SUBJECT ADDED ENTRY--TOPICAL TERM
General subdivision Study and teaching (Elementary).
700 ## - ADDED ENTRY--PERSONAL NAME
Personal name Beyer, Barry K.
700 ## - ADDED ENTRY--PERSONAL NAME
Personal name Contreras, Gloria.
700 ## - ADDED ENTRY--PERSONAL NAME
Personal name Craven, Jean.
700 ## - ADDED ENTRY--PERSONAL NAME
Personal name Title.
Holdings
Withdrawn status Lost status Damaged status Home library Current library Date acquired Total Checkouts Full call number Barcode Date last seen Price effective from Koha item type
      Stonyhurst Southville International School (Malarayat) Stonyhurst Southville International School (Malarayat) 10/25/2017   NF 372.83 B218 1997 SSISM3658 10/25/2017 10/25/2017 Books

People together :

APA

Banks J., Beyer B. K., Contreras G., Craven J. & Title.People together. USA: .

Chicago

Banks James, Beyer Barry K, Contreras Gloria, Craven Jean and Title.People together. USA: .

Harvard

Banks J., Beyer B. K., Contreras G., Craven J. and Title.People together. USA: .

MLA

Banks James, Beyer Barry K, Contreras Gloria, Craven Jean and Title.USA: . .

  • Place hold
  • Print
  • Cite
  • Add to your cart (remove)
  • Save record
    BIBTEX Dublin Core MARCXML MARC (non-Unicode/MARC-8) MARC (Unicode/UTF-8) MARC (Unicode/UTF-8, Standard) MODS (XML) RIS
  • More searches
    Search for this title in:
    Other Libraries (WorldCat) Other Databases (Google Scholar) Online Stores (Bookfinder.com) Open Library (openlibrary.org)

Exporting to Dublin Core...

SOUTHVILLE LIBRARY

Southville International School and Colleges Library

1281 Tropical Ave. Cor. Luxembourg St., BF Homes International, Las Pinas City

Tel. No. 8256374 / 252358 Loc. 117/146

Powered by Koha